| 000 | 00669nam a22002417a 4500 | ||
|---|---|---|---|
| 005 | 20221107153114.0 | ||
| 008 | 221107b ||||| |||| 00| 0 eng d | ||
| 040 | _cAL | ||
| 041 | _aEnglish | ||
| 082 |
_223 _a572.05 _bLOHM |
||
| 100 |
_aRammanohar Lohia _961265 |
||
| 245 | _aMankind: A Monthly | ||
| 260 |
_aHyderabad _bSocialist Party _c1956 |
||
| 300 |
_a1176 p. _bHB _c24.5x16.5 cm. |
||
| 440 |
_aVol.1 No.2 September 1956 _961266 |
||
| 650 |
_aMarxism _961267 |
||
| 650 |
_aInternationalism _961268 |
||
| 650 |
_aSocialism _961269 |
||
| 650 |
_aDemocracy _961270 |
||
| 650 |
_aEquality _961271 |
||
| 700 |
_aLOHIA (Rammanohar) Ed _961272 |
||
| 942 |
_2ddc _cGF |
||
| 999 |
_c225048 _d225048 |
||